000 00311nam a22001457a 4500
020 _a1-8442-2751-0
082 _a823
_bKIR/I
100 _aKIRK, DAVID
245 _aI'LL FLY AWAY
260 _aUK
_bLADYBIRD
300 _a34
520 _aENGLISH SHORT STORY
650 _aENGLISH SHORT STORY
_zUK
942 _cBK
999 _c4980
_d4980